Statistics for Municipalities of Adams County, Wisconsin

Click here to take the quiz!

General Stats

  • This quiz has been taken 12 times
  • The average score is 16 of 26

Answers on the Map

Answers color-coded by a green-red scale on the quiz's map according to % correct below.
 

Answer Stats

Answer% Correct
City of Adams
88%
Town of Adams
88%
Census Designated Place of Arkdale
75%
Village of Friendship
75%
Census Designated Place of Dellwood
63%
Census Designated Place of Lake Arrowhead
63%
Census Designated Place of Lake Camelot
63%
Census Designated Place of Lake Sherwood
63%
City of Wisconsin Dells
63%
Town of Jackson
63%
Town of Leola
63%
Town of Lincoln
63%
Town of Monroe
63%
Town of Rome
63%
Census Designated Place of Grand Marsh
50%
Town of Big Flats
50%
Town of Colburn
50%
Town of Dell Prairie
50%
Town of Easton
50%
Town of New Chester
50%
Town of New Haven
50%
Town of Preston
50%
Town of Quincy
50%
Town of Richfield
50%
Town of Springville
50%
Town of Strongs Prairie
50%

Score Distribution

Percentile by Number Answered

Percent of People with Each Score

Your Score History

You have not taken this quiz